Economics of ground water irrigation in hard rock regions : With a special reference to Maharashtra state. (Record no. 41043)

MARC details
000 -LEADER
fixed length control field 00493nam a2200145Ia 4500
082 ## - DEWEY DECIMAL CLASSIFICATION NUMBER
Classification number 631.67:631.432
Item number DHA
100 ## - MAIN ENTRY--AUTHOR NAME
Personal name Dhawan, B D
245 #0 - TITLE STATEMENT
Title Economics of ground water irrigation in hard rock regions : With a special reference to Maharashtra state.
260 ## - PUBLICATION, DISTRIBUTION, ETC. (IMPRINT)
Place of publication New Delhi
Name of publisher Agricole publishing Academy
Year of publication 1986
490 ## - SERIES STATEMENT
Series statement Studies in economic development and planning 42
650 ## - SUBJECT ADDED ENTRY--TOPICAL TERM
Topical Term Crop pattern
650 ## - SUBJECT ADDED ENTRY--TOPICAL TERM
Topical Term Dugwells
942 ## - ADDED ENTRY ELEMENTS (KOHA)
Koha item type Books
Holdings
Withdrawn status Lost status Damaged status Not for loan Home library Current library Date acquired Cost, normal purchase price Full call number Accession Number Koha item type
        RRII Library RRII Library 16/12/2021 100.00 631.67:631.432 DHA 21335 Books